| 000 | 00482cam a22001217a 4500 | ||
|---|---|---|---|
| 008 | 180718b1972 xxu||||| |||| 00| 0 eng d | ||
| 082 | _aB71303x5442 M278 | ||
| 245 |
_aMaharashtra act no.V of 1962: the maharashtra zilla parishads and panchayat samitis act, 1961 _cby Law And Judiciary Department |
||
| 260 |
_aBombay _bGovernment Central Press _c1972 |
||
| 300 | _a6908p | ||
| 650 | _aLocal government --Maharashtra, India (State) | ||
| 700 | _aMaharashtra. Law And Judiciary Department | ||
| 999 |
_c415492 _d415492 |
||